| 000 | 00471cam a2200169ua 4500 | ||
|---|---|---|---|
| 041 |
_aeng _h |
||
| 082 |
_a028.726313 _bSAR/MA |
||
| 100 | _aSaraswat, D . | ||
| 245 |
_aManual on design and development of agriculture machines / _cD Saraswat. _hTextual Documents |
||
| 250 |
_a1 / _b. |
||
| 260 |
_aBhopal : _bCentral Institute of Agricultural Engineering , _c1997. |
||
| 300 | _a479 ; . | ||
| 504 | _a | ||
| 700 | 1 | _aDas, P K . | |
| 942 | _cBK | ||
| 999 |
_c5472 _d5472 |
||